[Event "ACL-A045"]
[Site "www.playchess.de"]
[Date "2001.01.23"]
[Round "14"]
[White "vrad"]
[Black "Yogibear"]
[WhiteElo "1500"]
[BlackElo "1920"]
[PlyCount "102"]
[Result "0-1"]

1.e4 c6 2.d4 d5 3.exd5 cxd5 4.Bd3 Nc6 5.c3 Nf6 
6.Bg5 Bg4 7.Qb3 Qd7 8.Nd2 Rc8 9.Ngf3 Na5 10.Qb5 
Nc6 11.Ne5 Nxe5 12.dxe5 Qxb5 13.Bxb5+ Nd7 14.f3 
Bf5 15.g4 Bg6 16.f4 e6 17.Nf3 a6 18.Bxd7+ Kxd7 
19.Nd4 Be4 20.O-O Bc5 21.Rac1 h5 22.f5 Bxd4+ 
23.cxd4 hxg4 24.fxe6+ Kxe6 25.Rxc8 Rxc8 26.Rc1 
Rxc1+ 27.Bxc1 f6 28.Bf4 Kf5 29.exf6 gxf6 30.Be3 
Bb1 31.a3 Ke4 32.Kf2 f5 33.a4 Bd3 34.a5 Bb5 35.Bg5 
Kxd4 36.Bf6+ Ke4 37.Bg7 d4 38.Bf6 f4 39.Bg7 Bc6 
40.Bf6 Kd3 41.Be5 f3 42.Bf6 Bd5 43.Bg7 Kc4 44.Bf6 
Be4 45.Bg7 d3 46.Ke1 Kb3 47.Bd4 Kc2 48.Bc3 Kc1 
49.Bd2+ Kxb2 50.Be3 Kc2 51.Bd2 
f2+ 0-1

[Event "ACL-A045"]
[Site "www.playchess.de"]
[Date "2001.01.23"]
[Round "15"]
[White "Goofy"]
[Black "vrad"]
[WhiteElo "1500"]
[BlackElo "1500"]
[PlyCount "108"]
[Result "1/2-1/2"]

1.d4 e6 2.c4 d5 3.Nc3 Nf6 4.Bg5 Be7 5.Nf3 O-O 6.e3 
Nbd7 7.Rc1 c6 8.Bd3 b6 9.O-O Ba6 10.cxd5 Bxd3 
11.Qxd3 cxd5 12.Nb5 Ne4 13.Bxe7 Qxe7 14.Rc7 a6 
15.Na3 b5 16.Qc2 Qd6 17.Rc6 Qb4 18.Nb1 Qa5 19.a3 
Nb6 20.b3 Rac8 21.Ne5 b4 22.Rc1 bxa3 23.Rxc8 Nxc8 
24.Nxa3 Qxa3 25.Qxc8 Rxc8 26.Rxc8+ Qf8 27.Rxf8+ 
Kxf8 28.Nd3 Ke7 29.f3 Nd2 30.Nc5 a5 31.Kf2 Kd6 
32.Ke2 Nb1 33.Kd3 Kc6 34.Kc2 Na3+ 35.Kd3 Nb5 36.g4 
Nc7 37.h4 Kb5 38.Kc3 Ne8 39.Nb7 h6 40.e4 dxe4 
41.fxe4 Nf6 42.Nd6+ Kc6 43.Nxf7 Nxe4+ 44.Kc4 Nd6+ 
45.Nxd6 Kxd6 46.Kd3 Kd5 47.h5 e5 48.dxe5 Kxe5 
49.Ke3 Kd5 50.Kd3 Kc5 51.Kc3 Kb5 52.Kc2 Kb4 53.Kb2 
Kb5 54.Ka3 Kb6 1/2-1/2

[Event "ACL-A045"]
[Site "www.playchess.de"]
[Date "2001.01.23"]
[Round "16"]
[White "locko"]
[Black "sazex"]
[WhiteElo "1299"]
[BlackElo "1752"]
[PlyCount "32"]
[Result "0-1"]

1.g3 e5 2.Bg2 Nc6 3.Nf3 e4 4.Nh4 d5 5.Nc3 g5 6.b3 
gxh4 7.gxh4 Nh6 8.d3 Bb4 9.Bb2 d4 10.dxe4 Qxh4 
11.O-O dxc3 12.Rb1 Rg8 13.f3 Bh3 14.Rf2 Bc5 
15.Bxc3 Qxf2+ 16.Kh1 Bxg2+ 0-1

[Event "ACL-A045"]
[Site "www.playchess.de"]
[Date "2001.01.23"]
[Round "17"]
[White "Gruhni"]
[Black "locko"]
[WhiteElo "1346"]
[BlackElo "1299"]
[PlyCount "35"]
[Result "1-0"]

1.e4 e5 2.Bc4 Nh6 3.d3 g6 4.Qf3 d6 5.Bxh6 Be7 
6.Qxf7+ Kd7 7.Be6+ Kc6 8.Bxc8 Qxc8 9.Qxe7 Re8 
10.Qf7 Nd7 11.Qd5+ Kb6 12.Nc3 c6 13.Qxd6 Qc7 
14.Na4+ Kb5 15.Qxc7 Red8 16.Qxb7+ Kxa4 17.Qxc6+ 
Ka5 18.Bd2+ 1-0

[Event "ACL-A045"]
[Site "www.playchess.de"]
[Date "2001.01.23"]
[Round "18"]
[White "locko"]
[Black "player27"]
[WhiteElo "1299"]
[BlackElo "1724"]
[PlyCount "56"]
[Result "0-1"]

1.g3 d5 2.d4 Nf6 3.Bg2 e6 4.a4 c5 5.Nf3 Nc6 6.c3 
b6 7.Na3 Ba6 8.Bg5 h6 9.Bf4 g5 10.Be3 g4 11.Ne5 
Nxe5 12.dxe5 Nd7 13.Bf4 Bg7 14.f3 gxf3 15.Bxf3 
Nxe5 16.Bh5 Ng6 17.Qd2 e5 18.Be3 d4 19.cxd4 cxd4 
20.Bf2 e4 21.O-O e3 22.Bxe3 dxe3 23.Qxe3+ Qe7 
24.Qc3 Bxc3 25.bxc3 Qc5+ 26.Rf2 Qxh5 27.Re1 O-O 
28.Ref1 Bxe2 0-1

[Event "ACL-A045"]
[Site "www.playchess.de"]
[Date "2001.01.23"]
[Round "19"]
[White "Yogibear"]
[Black "locko"]
[WhiteElo "1920"]
[BlackElo "1299"]
[PlyCount "58"]
[Result "1-0"]

1.c4 b6 2.d4 d6 3.e4 Bb7 4.f3 g6 5.Nc3 h5 6.Nge2 
Nc6 7.Qa4 Qd7 8.Be3 Bg7 9.Rd1 h4 10.b4 Nf6 11.b5 
a6 12.bxc6 Bxc6 13.Qc2 a5 14.e5 Nh5 15.d5 Bb7 
16.e6 Qd8 17.exf7+ Kxf7 18.Nd4 c5 19.dxc6 e.p 
20.Bc8 Bd3 21.e5 Bxg6+ 22.Kg8 Qe4 23.Nf6 c7 
24.Qxc7 Qxa8 25.Qxc4 Nc6 26.Qxc3+ Bd2 27.Nd5 Qxc8+ 
28.Bf8 Qe6+ 29.Kg7 Qf7+ 1-0

[Event "ACL-A045"]
[Site "www.playchess.de"]
[Date "2001.01.23"]
[Round "20"]
[White "locko"]
[Black "Goofy"]
[WhiteElo "1299"]
[BlackElo "1500"]
[PlyCount "52"]
[Result "0-1"]

1.g3 d5 2.Nf3 c5 3.Bg2 Nc6 4.b3 e5 5.Nc3 Be6 6.Ba3 
Be7 7.h4 h6 8.Na4 Qa5 9.c3 b5 10.Rb1 bxa4 11.b4 
cxb4 12.cxb4 Nxb4 13.Bxb4 Bxb4 14.Nxe5 Ne7 15.e4 
O-O 16.f4 dxe4 17.O-O Rad8 18.Rf2 Bxd2 19.Rb2 Be3 
20.Qc1 Bxc1 21.Nc6 Nxc6 22.Rbe2 Rd1+ 23.Bf1 e3 
24.Rf3 Bg4 25.Rexe3 Nd4 26.Kg2 
Nxf3 0-1

[Event "ACL-A045"]
[Site "www.playchess.de"]
[Date "2001.01.23"]
[Round "21"]
[White "vrad"]
[Black "locko"]
[WhiteElo "1500"]
[BlackElo "1299"]
[PlyCount "67"]
[Result "1-0"]

1.e4 b6 2.d4 Bb7 3.f3 g6 4.Bc4 e6 5.Ne2 d5 6.exd5 
exd5 7.Bb5+ c6 8.Ba4 b5 9.Bb3 a5 10.a4 Bb4+ 11.c3 
Bd6 12.O-O Qh4 13.g3 Qh5 14.Nf4 Qf5 15.axb5 Ne7 
16.bxc6 Nbxc6 17.Qd3 g5 18.Qxf5 Nxf5 19.Nxd5 O-O-O 
20.Bxg5 Rdg8 21.Bf4 Ba6 22.Re1 Rge8 23.Nd2 Re6 
24.Nb6+ Kb7 25.Bxe6 Kxb6 26.Bxf5 Kc7 27.Bxd6+ Kxd6 
28.Ne4+ Kd5 29.Nc5 Bc8 30.Bxc8 Rxc8 31.Nb7 Ra8 
32.Nxa5 Nxa5 33.Rxa5+ Rxa5 34.Re5+ 1-0

[Event "HCL-B045"]
[Site "www.playchess.de"]
[Date "2001.01.23"]
[Round "1"]
[White "Mathemagician"]
[Black "damage_kase"]
[WhiteElo "1212"]
[BlackElo "1325"]
[PlyCount "49"]
[Result "1-0"]

1.e4 e6 2.d4 d5 3.Nc3 dxe4 4.Nxe4 Be7 5.Nf3 Nf6 
6.Ng3 c5 7.Bc4 Nc6 8.Bg5 cxd4 9.Bb5 O-O 10.Bxc6 
bxc6 11.Nxd4 Qd5 12.Nf3 Ba6 13.Qxd5 exd5 14.O-O-O 
Rfe8 15.Nd4 Rac8 16.Ngf5 Rc7 17.Rhe1 Kf8 18.Bf4 
Rcc8 19.Nxe7 Rxe7 20.Bd6 Rce8 21.Nxc6 Ne4 22.Bxe7+ 
Kg8 23.f3 Nf6 24.Bxf6 Rxe1 25.Rxe1 1-0

[Event "HCL-B045"]
[Site "www.playchess.de"]
[Date "2001.01.23"]
[Round "2"]
[White "Blah"]
[Black "Mathemagician"]
[WhiteElo "898"]
[BlackElo "1212"]
[PlyCount "42"]
[Result "0-1"]

1.e4 c5 2.Nf3 d6 3.d4 cxd4 4.Qxd4 Nc6 5.Bb5 Bd7 
6.Bxc6 Bxc6 7.O-O Nf6 8.Nc3 e6 9.Rd1 Be7 10.Bg5 
O-O 11.h3 e5 12.Qd3 h6 13.Bxf6 Bxf6 14.Qxd6 Qxd6 
15.Rxd6 Rad8 16.Rad1 Rxd6 17.Rxd6 Rc8 18.Kf1 Be7 
19.Rd3 Kf8 20.Nxe5 Bxe4 21.Rd7 
Bxc2 0-1

[Event "HCL-B045"]
[Site "www.playchess.de"]
[Date "2001.01.23"]
[Round "3"]
[White "damage_kase"]
[Black "Blah"]
[WhiteElo "1325"]
[BlackElo "898"]
[PlyCount "21"]
[Result "1-0"]

1.d4 Nf6 2.Nf3 e6 3.e3 c5 4.c3 d5 5.Bd3 Nc6 6.Nbd2 
b6 7.e4 dxe4 8.Nxe4 Nxe4 9.Bxe4 Bb7 10.O-O Qc7 
11.Be3 1-0

[Event "HCL-B045"]
[Site "www.playchess.de"]
[Date "2001.01.23"]
[Round "4"]
[White "Mathemagician"]
[Black "chessss"]
[WhiteElo "1212"]
[BlackElo "1229"]
[PlyCount "57"]
[Result "1-0"]

1.e4 e5 2.Nf3 Nc6 3.d4 exd4 4.Bc4 Bc5 5.c3 dxc3 
6.Bxf7+ Kxf7 7.Qd5+ Ke8 8.Qh5+ g6 9.Qxc5 d6 
10.Qxc3 Nf6 11.Bg5 Kf7 12.O-O Re8 13.Re1 Bg4 
14.Qb3+ Re6 15.Bxf6 Kxf6 16.Qxb7 Ne7 17.Nd4 Re5 
18.h3 Bd7 19.f4 Ra5 20.b4 Rb8 21.Qxb8 Qxb8 22.bxa5 
Qb2 23.e5+ dxe5 24.fxe5+ Kg7 25.Nb3 Be6 26.N1d2 
Nf5 27.Rab1 Qxa2 28.Rba1 Qb2 29.Rab1 1-0

[Event "HCL-B045"]
[Site "www.playchess.de"]
[Date "2001.01.23"]
[Round "5"]
[White "chessss"]
[Black "damage_kase"]
[WhiteElo "1229"]
[BlackElo "1325"]
[PlyCount "36"]
[Result "0-1"]

1.e4 c5 2.Nf3 Nc6 3.Nc3 g6 4.b3 Bg7 5.Bb2 d6 6.Bb5 
Bd7 7.O-O Nf6 8.a4 a6 9.Bc4 O-O 10.Nd5 Nxe4 
11.Bxg7 Kxg7 12.Re1 Nf6 13.Qe2 e6 14.Nxf6 Qxf6 
15.c3 d5 16.Bd3 Rfe8 17.Ne5 Nxe5 18.Qxe5 
Qxe5 0-1

[Event "HCL-B045"]
[Site "www.playchess.de"]
[Date "2001.01.23"]
[Round "7"]
[White "MarkVIII"]
[Black "Mathemagician"]
[WhiteElo "1200"]
[BlackElo "1212"]
[PlyCount "58"]
[Result "0-1"]

1.d4 Nf6 2.c3 e6 3.Nd2 d5 4.e3 Bd6 5.Bd3 c5 6.Ndf3 
c4 7.Ng5 cxd3 8.Qxd3 O-O 9.e4 dxe4 10.Qc2 e5 
11.Nxe4 exd4 12.Ng5 dxc3 13.Ne4 Nxe4 14.Nf3 Bf5 
15.O-O Ng3 16.Qxc3 Ne2+ 17.Kh1 Nxc3 18.bxc3 Qc7 
19.Bb2 Be4 20.Nd2 Bd3 21.Rfd1 Bxh2 22.Nf3 Qb6 
23.Rd2 Bf4 24.Rxd3 Qxb2 25.Rad1 Qxf2 26.R3d4 Be3 
27.R4d3 Nc6 28.a4 Ne5 29.Nxe5 Qh4+ 0-1

[Event "HCL-B045"]
[Site "www.playchess.de"]
[Date "2001.01.23"]
[Round "8"]
[White "damage_kase"]
[Black "MarkVIII"]
[WhiteElo "1325"]
[BlackElo "1200"]
[PlyCount "79"]
[Result "1-0"]

1.e4 d5 2.exd5 e5 3.Nc3 Bf5 4.g3 Nf6 5.Bg2 Bd6 
6.Nf3 O-O 7.O-O c6 8.dxc6 Nxc6 9.d3 Rc8 10.Re1 a6 
11.a3 b5 12.Bd2 Qb6 13.Be3 Nd4 14.Rc1 b4 15.Ne2 e4 
16.Bxd4 Bc5 17.Bxc5 Qxc5 18.Nfd4 Rfe8 19.Nxf5 Qxf5 
20.axb4 exd3 21.Qxd3 Qh5 22.Nf4 Qb5 23.c3 Qb6 
24.Rxe8+ Rxe8 25.Nd5 Rd8 26.Nxf6+ Qxf6 27.Qe2 g6 
28.Ra1 Rd6 29.h4 Re6 30.Qc4 Qd8 31.Rxa6 Rxa6 
32.Qxa6 Qd1+ 33.Kh2 Qc2 34.b5 Qxf2 35.b6 h5 36.b7 
Qxb2 37.Qa8+ Kh7 38.b8Q Qxc3 39.Qbg8+ Kh6 
40.Qgh8+ 1-0

[Event "HCL-B045"]
[Site "www.playchess.de"]
[Date "2001.01.23"]
[Round "9"]
[White "MarkVIII"]
[Black "Blah"]
[WhiteElo "1200"]
[BlackElo "898"]
[PlyCount "23"]
[Result "1-0"]

1.d4 Nf6 2.g3 g6 3.Bh3 Bg7 4.Bf4 d5 5.Nc3 Nc6 
6.Nb5 e5 7.dxe5 Nh5 8.Qd2 O-O 9.Nxc7 Qxc7 10.Qxd5 
Bxe5 11.Bxe5 Nxe5 12.O-O-O 1-0

[Event "HCL-B045"]
[Site "www.playchess.de"]
[Date "2001.01.23"]
[Round "10"]
[White "chessss"]
[Black "MarkVIII"]
[WhiteElo "1229"]
[BlackElo "1200"]
[PlyCount "28"]
[Result "0-1"]

1.e4 b6 2.d4 Na6 3.Nc3 e6 4.f4 d5 5.Bb5+ Bd7 
6.Bxa6 Be7 7.exd5 Nf6 8.dxe6 Bxe6 9.Nf3 O-O 10.O-O 
c5 11.Be3 c4 12.Ng5 Bc8 13.Bxc4 Bg4 14.Qd3 
g6 0-1

[Event "HCL-B045"]
[Site "www.playchess.de"]
[Date "2001.01.23"]
[Round "11"]
[White "Mathemagician"]
[Black "kherubim"]
[WhiteElo "1212"]
[BlackElo "1200"]
[PlyCount "48"]
[Result "0-1"]

1.e4 c6 2.d4 d5 3.Nc3 dxe4 4.Nxe4 Bf5 5.Ng3 Bg6 
6.Nf3 Nf6 7.Bg5 Nbd7 8.Bc4 Qb6 9.b3 e6 10.O-O Bb4 
11.Bd2 Ba3 12.Qe1 Qc7 13.Bc1 Bd6 14.c3 Nb6 15.Bd3 
Bxd3 16.Ne2 O-O-O 17.Qd1 Be4 18.Ng3 Bg6 19.Nh4 
Nbd5 20.c4 Nc3 21.Qf3 Nce4 22.Nxe4 Bxh2+ 23.Kh1 
Nxe4 24.Be3 Bd6 0-1

[Event "HCL-B045"]
[Site "www.playchess.de"]
[Date "2001.01.23"]
[Round "12"]
[White "kherubim"]
[Black "damage_kase"]
[WhiteElo "1200"]
[BlackElo "1325"]
[PlyCount "55"]
[Result "1-0"]

1.d4 d5 2.c4 e6 3.Nc3 Nf6 4.Bg5 Nbd7 5.e3 Be7 
6.Nf3 c5 7.cxd5 exd5 8.Ne5 O-O 9.Nxd7 Qxd7 10.dxc5 
Rd8 11.Qd4 Ne4 12.Bxe7 Qxe7 13.Nxd5 Qe6 14.Bc4 b5 
15.Nc3 Rxd4 16.Bxe6 Nxc5 17.Bxf7+ Kxf7 18.exd4 
Nd3+ 19.Kd2 Bf5 20.g4 Bg6 21.f4 b4 22.f5 Bxf5 
23.gxf5 Nxb2 24.Ne4 Nc4+ 25.Kd3 Rc8 26.Rac1 Nb2+ 
27.Ke3 Nc4+ 28.Rxc4 1-0

[Event "HCL-B045"]
[Site "www.playchess.de"]
[Date "2001.01.23"]
[Round "14"]
[White "kherubim"]
[Black "chessss"]
[WhiteElo "1200"]
[BlackElo "1229"]
[PlyCount "25"]
[Result "1-0"]

1.d4 Nf6 2.c4 c5 3.d5 e6 4.Nc3 d6 5.Nf3 Be7 6.e4 
O-O 7.h3 exd5 8.cxd5 Re8 9.Bd3 a6 10.a4 b6 11.O-O 
Bb7 12.Qc2 Nbd7 13.b3 1-0

[Event "HCL-B045"]
[Site "www.playchess.de"]
[Date "2001.01.23"]
[Round "15"]
[White "MarkVIII"]
[Black "kherubim"]
[WhiteElo "1200"]
[BlackElo "1200"]
[PlyCount "54"]
[Result "0-1"]

1.c4 Nf6 2.Nc3 g6 3.e4 d6 4.b3 Bg7 5.d4 c5 6.e5 
Ng4 7.h3 cxd4 8.Qxd4 Nxe5 9.Ne4 Nf3+ 10.Nxf3 Bxd4 
11.Nxd4 Qa5+ 12.Bd2 Qe5 13.Bc3 Qxe4+ 14.Ne2 O-O 
15.Rd1 Nd7 16.Rd4 Qb1+ 17.Rd1 Qxa2 18.Nc1 Qc2 
19.Bd2 Nc5 20.g4 Qe4+ 21.Be3 Qxh1 22.Bxc5 dxc5 
23.Nd3 Rd8 24.f4 a5 25.Nxc5 Rxd1+ 26.Kxd1 Qxf1+ 
27.Kc2 Qf2+ 0-1

[Event "HCL-B045"]
[Site "www.playchess.de"]
[Date "2001.01.23"]
[Round "16"]
[White "Werner"]
[Black "Mathemagician"]
[WhiteElo "1780"]
[BlackElo "1212"]
[PlyCount "53"]
[Result "1-0"]

1.e4 c5 2.c3 Nc6 3.d4 cxd4 4.cxd4 d5 5.exd5 Qxd5 
6.Nf3 Bg4 7.Be2 e6 8.Nc3 Bb4 9.a3 Qa5 10.Bd2 Be7 
11.b4 Qd8 12.Qa4 Nf6 13.Ne5 Bxe2 14.Nxc6 bxc6 
15.Qxc6+ Nd7 16.Nxe2 O-O 17.O-O Rc8 18.Qb7 Rc7 
19.Qf3 Qa8 20.Qxa8 Rxa8 21.Rfc1 Rxc1+ 22.Rxc1 e5 
23.Rc7 Rd8 24.f4 exf4 25.Rxa7 Bf6 26.Bxf4 Nf8 
27.Be3 1-0

[Event "HCL-B045"]
[Site "www.playchess.de"]
[Date "2001.01.23"]
[Round "17"]
[White "damage_kase"]
[Black "Werner"]
[WhiteElo "1325"]
[BlackElo "1780"]
[PlyCount "76"]
[Result "0-1"]

1.d4 d5 2.Nf3 c6 3.e3 Bf5 4.Bd3 Bxd3 5.Qxd3 e6 
6.O-O f5 7.Nbd2 Nf6 8.Ne5 Nbd7 9.Ndf3 Bd6 10.c4 
Bxe5 11.Nxe5 Nxe5 12.dxe5 Nd7 13.b3 Nxe5 14.Qe2 
Qc7 15.h3 dxc4 16.bxc4 O-O 17.Bb2 Rad8 18.Rad1 b6 
19.f4 Ng6 20.Rd3 Rxd3 21.Qxd3 Rd8 22.Qc3 c5 23.Rf3 
Rd7 24.Qc2 Qd6 25.Rf2 Qd1+ 26.Qxd1 Rxd1+ 27.Rf1 
Rd3 28.Rf3 a6 29.Kh2 Rd2 30.Ba1 Rxa2 31.Rf1 Nh4 
32.Kg1 Rxg2+ 33.Kh1 Rc2 34.Be5 Rxc4 35.Rd1 Nf3 
36.Bc7 Rc2 37.Rd8+ Kf7 38.Rd7+ 
Kg6 0-1

[Event "HCL-B045"]
[Site "www.playchess.de"]
[Date "2001.01.23"]
[Round "20"]
[White "Werner"]
[Black "MarkVIII"]
[WhiteElo "1780"]
[BlackElo "1200"]
[PlyCount "41"]
[Result "1-0"]

1.e4 e5 2.f4 exf4 3.Nf3 f6 4.d4 g5 5.Nxg5 fxg5 
6.Qh5+ Ke7 7.Qxg5+ Nf6 8.e5 Bh6 9.Qxf6+ Ke8 
10.Qxh8+ Bf8 11.Qxh7 Qe7 12.Qg6+ Qf7 13.Qxf7+ Kxf7 
14.Bc4+ Ke7 15.Bxf4 d6 16.Nc3 Be6 17.Bg5+ Kd7 
18.Bxe6+ Kxe6 19.O-O Na6 20.d5+ Kxe5 
21.Bf6+ 1-0

[Event "HCL-A021"]
[Site "www.playchess.de"]
[Date "2001.01.24"]
[Round "33"]
[White "lubos"]
[Black "aldo"]
[WhiteElo "1886"]
[BlackElo "1700"]
[PlyCount "87"]
[Result "1-0"]

1.e4 e5 2.Nf3 Nc6 3.Bb5 a6 4.Ba4 Nf6 5.Bxc6 dxc6 
6.d3 Bd6 7.Bg5 h6 8.Bh4 O-O 9.O-O Bg4 10.Nbd2 g5 
11.Bg3 Nh5 12.h3 Nxg3 13.fxg3 Be6 14.Nh2 f5 
15.exf5 Bxf5 16.Qh5 Kg7 17.Ng4 Bxg4 18.Qxg4 Qc8 
19.Qe4 Qe6 20.Rf3 Rxf3 21.Nxf3 Qd5 22.Re1 Qxa2 
23.b3 Qa5 24.h4 gxh4 25.Nxh4 Kh8 26.Rf1 Qd5 27.Qg6 
Qg8 28.Qxh6+ Qh7 29.Qe6 Bc5+ 30.Kh2 Rf8 31.Qxe5+ 
Kg8 32.Qe6+ Kh8 33.Rxf8+ Bxf8 34.Qc8 Kg8 35.Qxb7 
Bd6 36.Qc8+ Kf7 37.Qd7+ Kg8 38.Qe8+ Kg7 39.Qd7+ 
Kg8 40.Qxh7+ Kxh7 41.Kh3 Be5 42.Nf3 Bf6 43.Kg4 Kg6 
44.Nh4+ 1-0

[Event "HCL-A047"]
[Site "www.playchess.de"]
[Date "2001.01.24"]
[Round "6"]
[White "Dio"]
[Black "Gearloose"]
[WhiteElo "2195"]
[BlackElo "2024"]
[PlyCount "27"]
[Result "1/2-1/2"]

1.d4 Nf6 2.Nc3 d6 3.e4 Nbd7 4.Nf3 e5 5.Bc4 h6 
6.O-O c6 7.dxe5 dxe5 8.h3 Be7 9.Be3 Qc7 10.Qd2 b5 
11.Bb3 a5 12.a3 Rg8 13.Rad1 g5 
14.g4 1/2-1/2

[Event "HCL-A049"]
[Site "www.playchess.de"]
[Date "2001.01.24"]
[Round "16"]
[White "Savage"]
[Black "paule"]
[WhiteElo "1285"]
[BlackElo "1819"]
[PlyCount "56"]
[Result "0-1"]

1.e4 e6 2.d4 d5 3.Nc3 Bb4 4.e5 c5 5.a3 Ba5 6.Qg4 
Ne7 7.Qxg7 Rg8 8.Qxh7 cxd4 9.b4 dxc3 10.bxa5 Nbc6 
11.Bb5 Qc7 12.Nf3 Rxg2 13.Qh8+ Rg8 14.Qf6 Qxa5 
15.a4 Qb4 16.Qf4 Bd7 17.h4 Rg4 18.Qxb4 Nxb4 19.Kd1 
Nf5 20.h5 Nd4 21.Ne1 Nxb5 22.axb5 Bxb5 23.Nf3 Bc6 
24.h6 d4 25.h7 Bxf3+ 26.Ke1 Nxc2+ 27.Kf1 d3 
28.h8Q+ {%NOTE%}  Kd7 0-1

[Event "HCL-A054"]
[Site "www.playchess.de"]
[Date "2001.01.24"]
[Round "4"]
[White "klypp"]
[Black "raghavendrakarthik"]
[WhiteElo "2144"]
[BlackElo "1548"]
[PlyCount "59"]
[Result "1-0"]

1.e4 e5 2.Nf3 Nc6 3.Bb5 a6 4.Ba4 Nf6 5.O-O b5 
6.Bb3 Be7 7.Re1 O-O 8.c3 d6 9.h3 Bb7 10.d4 Re8 
11.Nbd2 Nd7 12.Nf1 Na5 13.Bc2 c5 14.dxc5 dxc5 
15.Ne3 Rc8 16.Qe2 Nc6 17.Rd1 c4 18.a4 Bc5 19.axb5 
axb5 20.b3 cxb3 21.Bxb3 Rf8 22.Qxb5 Qb6 23.Qxb6 
Nxb6 24.Ba3 Bxa3 25.Rxa3 Ne7 26.Nxe5 Bxe4 27.Ra7 
Rce8 28.Nxf7 Rxf7 29.Rxe7 Ref8 
30.Rxf7 1-0

[Event "HCL-A054"]
[Site "www.playchess.de"]
[Date "2001.01.24"]
[Round "33"]
[White "Flemming"]
[Black "schlueter"]
[WhiteElo "1900"]
[BlackElo "1492"]
[PlyCount "31"]
[Result "1-0"]

1.d4 Nf6 2.c4 e5 3.d5 Bc5 4.Nc3 O-O 5.Qc2 d6 6.e3 
a5 7.h4 Na6 8.a3 c6 9.Nh3 cxd5 10.cxd5 Nc7 11.Bd3 
g6 12.Bd2 Ncxd5 13.Nxd5 Nxd5 14.h5 {Everything 
looks familiar, and we are back in business!}  f5 
15.Bc4 Be6 16.Qb3 1-0

[Event "HCL-B081"]
[Site "www.playchess.de"]
[Date "2001.01.24"]
[Round "24"]
[White "Antonio"]
[Black "trolo"]
[WhiteElo "1500"]
[BlackElo "1801"]
[PlyCount "31"]
[Result "1-0"]

1.e4 c5 2.Nf3 e6 3.d4 cxd4 4.Nxd4 Nc6 5.Be3 a6 
6.Be2 Qc7 7.Nd2 Nf6 8.f3 d5 9.O-O e5 10.N4b3 d4 
11.Bf2 b5 12.g4 Rb8 13.Rc1 a5 14.c4 b4 15.Na1 Bc5 
16.b3 1-0

[Event "HCL-B089"]
[Site "www.playchess.de"]
[Date "2001.01.24"]
[Round "8"]
[White "Pragmatist"]
[Black "Martin"]
[WhiteElo "1500"]
[BlackElo "1200"]
[PlyCount "66"]
[Result "1-0"]

1.e4 c5 2.Nf3 e6 3.d4 Nf6 4.e5 Nd5 5.c4 Nb6 6.Nc3 
d5 7.exd6 e.p 8.Qxd6 Nb5 9.Qd7 Bf4 10.Na6 Bd3 
11.Be7 a4 12.Qc6 O-O 13.O-O Ne5 14.Qe8 Qg4 15.f6 
Bh6 16.Rf7 Nxf7 17.Qxf7 Qg3 18.cxd4 Nxd4 19.e5 Nb5 
20.Kh8 Be3 21.Bc5 Qh4 22.Qg8 a5 23.Nd7 Bxc5 
24.Ndxc5 Bc2 25.g6 Qxf6+ 26.Qg7 Qd8+ 27.Qg8 Rfd1 
28.Bf5 Qxg8+ 29.Kxg8 Bxf5 30.gxf5 Rd5 31.Re8 Nxa7 
32.f4 Nb5 33.Nb4 Rxc5 1-0

[Event "HCL-B104"]
[Site "www.playchess.de"]
[Date "2001.01.24"]
[Round "8"]
[White "hamgon"]
[Black "bradley311"]
[WhiteElo "1785"]
[BlackElo "1300"]
[PlyCount "39"]
[Result "1-0"]

1.d4 d5 2.c4 dxc4 3.e4 Nc6 4.Be3 b5 5.Nf3 Bb7 6.d5 
Nb4 7.a3 Na6 8.Nc3 c6 9.b3 Nf6 10.bxc4 bxc4 
11.Bxc4 Nc7 12.Qa4 e6 13.Rd1 Bd6 14.dxc6 Bc8 15.e5 
Bxe5 16.Rxd8+ Kxd8 17.Nxe5 Rb8 18.Nxf7+ Ke8 
19.Nxh8 Ng4 20.Qxa7 1-0

[Event "HCL-B104"]
[Site "www.playchess.de"]
[Date "2001.01.24"]
[Round "9"]
[White "bradley311"]
[Black "paule"]
[WhiteElo "1300"]
[BlackElo "1806"]
[PlyCount "42"]
[Result "0-1"]

1.e4 e6 2.Nf3 d5 3.exd5 exd5 4.Nc3 c6 5.d4 Bd6 
6.Bd3 Nf6 7.O-O O-O 8.a3 Bg4 9.b4 Re8 10.b5 a6 
11.bxc6 Nxc6 12.Be2 Rc8 13.Rb1 b5 14.a4 Nb4 15.Rb3 
bxa4 16.Nxa4 Rxc2 17.Rxb4 Rexe2 18.Rb2 Rcxb2 
19.Nxb2 Bxf3 20.gxf3 Re8 21.Nd3 
h6 0-1

[Event "HCL-B119"]
[Site "www.playchess.de"]
[Date "2001.01.24"]
[Round "6"]
[White "plobi"]
[Black "millingen"]
[WhiteElo "1500"]
[BlackElo "1070"]
[PlyCount "25"]
[Result "1-0"]

1.d4 d5 2.c4 c6 3.Nf3 Nf6 4.e3 e6 5.Nc3 a6 6.Be2 
Bd6 7.O-O O-O 8.Qc2 Re8 9.Bd3 h6 10.cxd5 cxd5 
11.e4 dxe4 12.Nxe4 Nxe4 13.Bxe4 1-0

[Event "HCL-B119"]
[Site "www.playchess.de"]
[Date "2001.01.24"]
[Round "12"]
[White "Gustavo58"]
[Black "Taher"]
[WhiteElo "1200"]
[BlackElo "1551"]
[PlyCount "26"]
[Result "0-1"]

1.e4 d5 2.exd5 Nf6 3.Nc3 Nxd5 4.Nxd5 Qxd5 5.Nf3 
Nc6 6.Be2 Bf5 7.O-O e6 8.d4 Be7 9.c4 Qd7 10.Be3 
O-O 11.a3 Rfd8 12.Ne5 Nxe5 13.dxe5 
Bd3 0-1

[Event "HCL-B121"]
[Site "www.playchess.de"]
[Date "2001.01.24"]
[Round "20"]
[White "Gruhni"]
[Black "Riza"]
[WhiteElo "1404"]
[BlackElo "1307"]
[PlyCount "47"]
[Result "1-0"]

1.e4 c6 2.d4 d5 3.e5 Bf5 4.Bd3 Bg6 5.Nf3 e6 6.O-O 
Nd7 7.Be3 Qc7 8.Nc3 a6 9.a3 c5 10.Bxg6 hxg6 11.Ne2 
Nh6 12.c3 Be7 13.h3 c4 14.Bxh6 Rxh6 15.Nd2 O-O-O 
16.b4 Rdh8 17.Rb1 b5 18.a4 f5 19.axb5 axb5 20.Ra1 
Nb6 21.Ra5 Na4 22.Rxb5 Nb2 23.Qa1 Nd3 
24.Qa6+ 1-0

[Event "HCL-B122"]
[Site "www.playchess.de"]
[Date "2001.01.24"]
[Round "25"]
[White "pird"]
[Black "Gruhni"]
[WhiteElo "1486"]
[BlackElo "1404"]
[PlyCount "29"]
[Result "1-0"]

1.e4 e5 2.Nc3 Nf6 3.g3 Bc5 4.Bg2 d6 5.h3 Nc6 
6.Nge2 O-O 7.O-O a6 8.Kh2 Be6 9.f4 exf4 10.Nxf4 d5 
11.exd5 Bxd5 12.Nfxd5 Nxd5 13.Nxd5 Qc8 14.d3 Ne5 
15.d4 1-0

[Event "HCL-B126"]
[Site "www.playchess.de"]
[Date "2001.01.24"]
[Round "10"]
[White "Gruhni"]
[Black "plobi"]
[WhiteElo "1386"]
[BlackElo "1087"]
[PlyCount "91"]
[Result "1-0"]

1.e4 e5 2.Nf3 f6 3.Bc4 Nc6 4.d3 Nge7 5.Nc3 Na5 
6.Bb3 Nxb3 7.axb3 d5 8.exd5 Nxd5 9.Nxd5 Qxd5 
10.Be3 Bb4+ 11.c3 Bd6 12.O-O Bf5 13.d4 Bg4 14.dxe5 
Bxf3 15.Qxd5 Bxd5 16.exd6 cxd6 17.Rfd1 Bxb3 
18.Rxd6 O-O 19.h3 b6 20.Re1 Rad8 21.Rxd8 Rxd8 
22.Bd4 h6 23.Ra1 Ra8 24.Bxb6 a6 25.Ra3 Bc4 26.b3 
Rb8 27.bxc4 Rxb6 28.c5 Rc6 29.Ra5 Kh7 30.g4 g5 
31.f3 Kg6 32.Kf2 Kf7 33.Ke3 Ke6 34.Ke4 Kf7 35.Kd5 
{Hi Plobi, willkommen zurück bei playchess und 
diesem überaus interessanten Spiel!}  Re6 36.c6 
Re5+ {den gruß zurück! ist wirklich eine sehr 
interessante partie ...}  37.Kd6 {Shit, du wirst 
mir doch nicht den armen Turm schlagen wollen?}  
Rxa5 {wenn das taktik war, war sie gut! aber 
trotzdem glaub ich immer noch an ein remis ...}  
38.c7 {Ich würde doch niemals mit Taktik spielen 
;-) Ich glaube aber und hoffe jetzt auf einen 
Sieg.}  Rb5 {mal sehen ...}  39.c8Q {%NOTE%}  Rb6+ 
40.Kc5 Re6 41.c4 {Morgen Plobi!}  a5 {guten morgen 
...}  42.Kb5 Re1 43.Qc7+ Kg6 44.Qxa5 Rh1 45.Qd8 
Rxh3 46.Qg8+ 1-0

[Event "HCL-B129"]
[Site "www.playchess.de"]
[Date "2001.01.24"]
[Round "9"]
[White "King_Safety"]
[Black "Yogibear"]
[WhiteElo "1223"]
[BlackElo "1825"]
[PlyCount "44"]
[Result "0-1"]

1.d4 d5 2.Nf3 c6 3.Bf4 Bf5 4.e3 e6 5.c4 Nf6 6.Nbd2 
Be7 7.Be2 Nh5 8.Be5 Nd7 9.O-O O-O 10.Qb3 b6 
11.Rac1 a5 12.a4 Bb4 13.cxd5 cxd5 14.Bd3 Nxe5 
15.Rc2 Nxd3 16.Nh4 Qxh4 17.Nf3 Qe4 18.Rd1 Nc5 
19.Qa2 Qxc2 20.Rf1 Nxa4 21.Ne5 f6 22.Nc6 
Nc3 0-1

[Event "HCL-B132"]
[Site "www.playchess.de"]
[Date "2001.01.24"]
[Round "2"]
[White "Franky"]
[Black "killerz"]
[WhiteElo "1200"]
[BlackElo "1300"]
[PlyCount "36"]
[Result "1-0"]

1.e4 e5 2.d4 exd4 3.c3 dxc3 4.Bc4 cxb2 5.Bxb2 Nf6 
6.e5 Ne4 7.Ne2 c6 8.Nbc3 Nxc3 9.Nxc3 d5 10.exd6 
e.p 11.Bxd6 Qh5 12.Qe7+ Kf1 13.O-O Re1 14.Qd8 Ne4 
15.Be7 Rd1 16.Bd7 Nd6 17.Bxd6 Rxd6 18.b5 
Rg6 1-0

[Event "HCL-B133"]
[Site "www.playchess.de"]
[Date "2001.01.24"]
[Round "7"]
[White "Slide"]
[Black "Bauernopfer"]
[WhiteElo "1585"]
[BlackElo "1342"]
[PlyCount "31"]
[Result "1-0"]

1.e4 e5 2.Bc4 Bc5 3.Nf3 d6 4.c3 Nf6 5.d3 Nc6 6.O-O 
O-O 7.Bg5 h6 8.Bh4 Bg4 9.Nbd2 a6 10.h3 Bh5 11.Bd5 
Nxd5 12.Bxd8 Nxc3 13.bxc3 Raxd8 14.a4 Ne7 15.Qb3 
Bb6 16.a5 1-0

[Event "HCL-C030"]
[Site "www.playchess.de"]
[Date "2001.01.24"]
[Round "23"]
[White "wharris"]
[Black "COMETIN"]
[WhiteElo "1000"]
[BlackElo "1000"]
[PlyCount "54"]
[Result "0-1"]

1.e4 e5 2.f4 exf4 3.Nf3 d6 4.d4 Qe7 5.Nc3 g5 6.Bc4 
g4 7.O-O gxf3 8.Qxf3 Qg5 9.Bxf4 Qg4 10.Bxf7+ Kxf7 
11.Be5+ Qxf3 12.Rxf3+ Ke7 13.Nd5+ Kd7 14.Bxh8 Nc6 
15.Rxf8 Nh6 16.Bg7 Nxd4 17.Bxd4 b5 18.Rd1 Bb7 
19.Rxa8 Bxa8 20.Nf6+ Kc8 21.Nxh7 Bxe4 22.c3 Bxh7 
23.Rf1 Kb7 24.h3 Nf5 25.Bf6 Ng3 26.Re1 d5 27.Re7 
Bf5 0-1